[Event "CHN-ch (Women)"]
[Site "Xinghua"]
[Date "2023.05.10"]
[Round "5"]
[White "Yuan, Ye"]
[Black "Song, Yuxin"]
[Result "0-1"]
[WhiteElo "2171"]
[BlackElo "2341"]
[PlyCount "66"]
[EventDate "2023.05.06"]
[EventType "tourn"]
[EventRounds "11"]
[EventCountry "CHN"]
[SourceTitle "CBM 215 Extra"]
[Source "ChessBase"]
[SourceDate "2023.09.30"]
[SourceVersion "1"]
[SourceVersionDate "2023.09.30"]
[SourceQuality "1"]

1. d4 Nf6 2. c4 e6 3. Nf3 Bb4+ 4. Nbd2 b6 5. a3 Bxd2+ 6. Bxd2 Bb7 7. Bg5 d6 8. e3 Nbd7 9. Be2 0-0 10. b4 c5 11. 0-0 Qc7 12. Bxf6 Nxf6 13. Nd2 Qe7 14. Bf3 Rac8 15. Bxb7 Qxb7 16. Rc1 Rfd8 17. Qf3 Qa6 18. Rc3 cxb4 19. axb4 Qa2 20. Rd1 b5 21. c5 Nd5 22. Rb3 dxc5 23. bxc5 b4 24. e4 Nc3 25. Rxb4 Qc2 26. Rbb1 Nxd1 27. Qxd1 Qxd1+ 28. Rxd1 Rxd4 29. Kf1 Rxc5 30. Rb1 g5 31. Rb8+ Kg7 32. Nb3 Rd1+ 33. Ke2 Rb1 0-1

[Event "CHN-ch (Women)"]
[Site "Xinghua"]
[Date "2023.05.07"]
[Round "2"]
[White "Song, Yuxin"]
[Black "Zhai, Mo"]
[Result "1/2-1/2"]
[WhiteElo "2341"]
[BlackElo "2354"]
[PlyCount "78"]
[EventDate "2023.05.06"]
[EventType "tourn"]
[EventRounds "11"]
[EventCountry "CHN"]
[SourceTitle "CBM 215 Extra"]
[Source "ChessBase"]
[SourceDate "2023.09.30"]
[SourceVersion "1"]
[SourceVersionDate "2023.09.30"]
[SourceQuality "1"]

1. e4 e5 2. Nf3 Nc6 3. Bb5 Nf6 4. 0-0 Nxe4 5. d4 Nd6 6. dxe5 Nxb5 7. a4 Nbd4 8. Nxd4 d5 9. Nxc6 bxc6 10. b3 Be7 11. Ba3 0-0 12. Bxe7 Qxe7 13. Qd4 f6 14. Re1 Bf5 15. Nd2 Rae8 16. f4 fxe5 17. Rxe5 Qf6 18. c3 Rxe5 19. fxe5 Qe7 20. Rf1 a6 21. b4 h6 22. Nb3 Be4 23. Rxf8+ Qxf8 24. Nc5 Qf4 25. Nxe4 dxe4 26. e6 Qc1+ 27. Kf2 Qf4+ 28. Ke1 Qh4+ 29. g3 Qxh2 30. Qd8+ Kh7 31. e7 Qxg3+ 32. Kd1 Qf3+ 33. Kc2 Qf2+ 34. Kc1 Qe1+ 35. Kb2 Qf2+ 36. Ka3 Qf6 37. Kb3 Qf7+ 38. Kc2 Qf2+ 39. Kc1 Qe1+ 1/2-1/2

[Event "Djenovici TS04 IM 4th"]
[Site "Djenovici"]
[Date "2023.04.16"]
[Round "2"]
[White "Rajkovic, Dusan"]
[Black "Song, Yuxin"]
[Result "1-0"]
[WhiteElo "2262"]
[BlackElo "2317"]
[PlyCount "155"]
[EventDate "2023.04.15"]
[EventType "tourn"]
[EventRounds "9"]
[EventCountry "MNE"]
[EventCategory "1"]
[SourceTitle "EXT 2024"]
[Source "ChessBase"]
[SourceDate "2023.10.10"]
[SourceVersion "1"]
[SourceVersionDate "2023.10.10"]
[SourceQuality "1"]

1. Nf3 c5 2. g3 Nc6 3. Bg2 g6 4. 0-0 Bg7 5. d3 d6 6. c3 e5 7. a3 a5 8. a4 Nge7 9. Na3 h6 10. Nb5 0-0 11. Nd2 Be6 12. e4 Na7 13. Nxa7 Rxa7 14. Nc4 d5 15. exd5 Bxd5 16. Re1 Nc6 17. Bxd5 Qxd5 18. Be3 e4 19. Nb6 Qxd3 20. Qxd3 exd3 21. Bxc5 Rd8 22. Rad1 Ra6 23. Re3 Ne5 24. f4 Bf8 25. Bxf8 Kxf8 26. Rxe5 Rxb6 27. Rd2 Ra6 28. Kf2 f6 29. Re4 Rd5 30. Ke3 Rad6 31. c4 Rh5 32. Rd4 Rxd4 33. Kxd4 Ke7 34. Kxd3 b6 35. Kc3 g5 36. fxg5 hxg5 37. b4 axb4+ 38. Kxb4 g4 39. Kc3 Ra5 40. Rd4 Rh5 41. Rd2 Ra5 42. Rb2 Rxa4 43. Rxb6 Ra3+ 44. Rb3 Ra1 45. Rb2 Kd6 46. Rd2+ Ke5 47. Re2+ Kd6 48. Kd4 Rd1+ 49. Ke4 Rf1 50. Rd2+ Kc6 51. Rd5 Rc1 52. Kf5 Rxc4 53. Rd2 Kc7 54. Kxf6 Kc6 55. Kf5 Kc7 56. Kf6 Kc6 57. Kf5 Kc7 58. Kg5 Ra4 59. Kh4 Kc6 60. Rd3 Kc5 61. Rd8 Kc6 62. Rg8 Ra2 63. Kxg4 Rxh2 64. Rd8 Kc7 65. Rd4 Rh8 66. Kf5 Rf8+ 67. Ke6 Kc6 68. g4 Kc5 69. Rd1 Rg8 70. Rg1 Ra8 71. g5 Ra6+ 72. Ke5 Rg6 73. Rc1+ Kb6 74. Kf5 Rd6 75. g6 Rd2 76. Rg1 Rf2+ 77. Kg5 Rf8 78. g7 1-0

[Event "Belgrade Radnicki IM 03"]
[Site "Belgrade"]
[Date "2023.03.28"]
[Round "5"]
[White "Song, Yuxin"]
[Black "Petrovic, Aleksa"]
[Result "1-0"]
[WhiteElo "2317"]
[BlackElo "2254"]
[PlyCount "133"]
[EventDate "2023.03.24"]
[EventType "tourn"]
[EventRounds "9"]
[EventCountry "SRB"]
[SourceTitle "CBM 213 Extra"]
[Source "ChessBase"]
[SourceDate "2023.05.31"]
[SourceVersion "1"]
[SourceVersionDate "2023.05.31"]
[SourceQuality "1"]

1. e4 c5 2. Nf3 Nc6 3. Bb5 g6 4. 0-0 Bg7 5. Re1 e5 6. Bxc6 dxc6 7. d3 Qe7 8. a4 Nf6 9. Na3 b6 10. Nc4 Nd7 11. Be3 Ba6 12. Nfd2 0-0 13. Qf3 h6 14. Qh3 Kh7 15. f4 Rad8 16. Rf1 Bc8 17. Qg3 exf4 18. Bxf4 Qe6 19. Qh4 Qf6 20. Qe1 Qe6 21. Nf3 Nf6 22. Qh4 Qg4 23. Qxg4 Nxg4 24. h3 Nf6 25. Bd6 Rfe8 26. Nfe5 Re6 27. Nxc6 Rd7 28. e5 Ne8 29. Rae1 Kg8 30. c3 Bb7 31. Nxa7 Bxg2 32. Kxg2 Rxa7 33. Nxb6 Ra6 34. Nc4 Rxa4 35. Bxc5 Nc7 36. Re3 Nd5 37. Ref3 g5 38. Bd4 Nf4+ 39. Kh1 Re7 40. Rd1 Ng6 41. Re3 Re6 42. b4 Ne7 43. b5 Nf5 44. Ree1 Ra2 45. Rd2 Ra8 46. b6 Rg6 47. b7 Rb8 48. Rb2 g4 49. Ba7 Rxb7 50. Rxb7 g3 51. Ne3 Nh4 52. Ng2 Nf3 53. Rf1 Nxe5 54. Bd4 Nxd3 55. Rbxf7 Bxd4 56. cxd4 Nf2+ 57. R7xf2 gxf2 58. Rxf2 Rd6 59. Rf4 Kg7 60. Kh2 Kg6 61. Kg3 Kg5 62. Nh4 h5 63. Nf3+ Kg6 64. Ne5+ Kg7 65. Kf3 Ra6 66. Ke4 Ra3 67. Rf3 1-0

[Event "Belgrade Radnicki IM 03"]
[Site "Belgrade"]
[Date "2023.03.25"]
[Round "2"]
[White "Durak, Can"]
[Black "Song, Yuxin"]
[Result "1/2-1/2"]
[WhiteElo "2308"]
[BlackElo "2317"]
[PlyCount "148"]
[EventDate "2023.03.24"]
[EventType "tourn"]
[EventRounds "9"]
[EventCountry "SRB"]
[SourceTitle "CBM 213 Extra"]
[Source "ChessBase"]
[SourceDate "2023.05.31"]
[SourceVersion "1"]
[SourceVersionDate "2023.05.31"]
[SourceQuality "1"]

1. d4 Nf6 2. c4 e6 3. g3 d5 4. Bg2 Bb4+ 5. Nd2 0-0 6. Ngf3 b6 7. 0-0 Bb7 8. Ne5 Qc8 9. cxd5 exd5 10. Ndf3 Be7 11. b3 Ne4 12. Bb2 Qe6 13. Rc1 Bd6 14. Nd2 Nxd2 15. Qxd2 Nd7 16. Nxd7 Qxd7 17. Rc2 a5 18. a4 Rfe8 19. e3 b5 20. Bc3 bxa4 21. bxa4 Bc6 22. Ra2 Ra7 23. Bxa5 Rea8 24. Bc3 Rxa4 25. Rxa4 Rxa4 26. Rb1 Qd8 27. Qc2 Qa8 28. h4 Ra6 29. Bb4 Bxb4 30. Rxb4 Rb6 31. Rb1 Rxb1+ 32. Qxb1 Qc8 33. Qb4 Qd8 34. Qa5 h5 35. Qc5 Qd6 36. Qa7 Qd8 37. Qa6 Qa8 38. Qe2 g6 39. Qf3 Qd8 40. Qe2 Kg7 41. Qc2 Qd6 42. Qb2 Kf8 43. Qb8+ Ke7 44. Bf3 Bd7 45. Qb7 c6 46. Qb6 Bf5 47. Bd1 Bd7 48. Qa5 Qb8 49. Qc5+ Qd6 50. Qc3 Qb8 51. Kg2 Qd6 52. Ba4 Qe6 53. Bc2 Qh3+ 54. Kg1 Qe6 55. Bd3 Bc8 56. Qc5+ Qd6 57. Qb6 Bd7 58. Bf1 Bc8 59. Bg2 Bf5 60. Kh2 Bd7 61. Qa7 Qb4 62. Bh3 Qd6 63. Kg2 Ke8 64. Bxd7+ Qxd7 65. Qxd7+ Kxd7 66. g4 hxg4 67. Kg3 f5 68. Kf4 Kd6 69. h5 gxh5 70. Kxf5 c5 71. dxc5+ Kxc5 72. Kg5 Kc4 73. Kxh5 g3 74. fxg3 Kd3 1/2-1/2

[Event "CHN-chT Div A KO"]
[Site "Liaocheng"]
[Date "2023.02.06"]
[Round "1.2"]
[White "Song, Yuxin"]
[Black "Bai, Xue"]
[Result "1/2-1/2"]
[WhiteElo "2327"]
[BlackElo "2102"]
[PlyCount "78"]
[EventDate "2023.02.06"]
[EventType "team-k.o."]
[EventRounds "6"]
[EventCountry "CHN"]
[SourceTitle "CBM 212 Extra"]
[Source "ChessBase"]
[SourceDate "2023.03.31"]
[SourceVersion "1"]
[SourceVersionDate "2023.03.31"]
[SourceQuality "1"]
[WhiteTeam "Shenzhen"]
[BlackTeam "Zhejiang"]
[WhiteTeamCountry "CHN"]
[BlackTeamCountry "CHN"]

1. e4 e5 2. Nf3 Nc6 3. Bb5 a6 4. Ba4 Nf6 5. 0-0 Be7 6. Re1 b5 7. Bb3 d6 8. c3 0-0 9. h3 Bb7 10. d4 Re8 11. Nbd2 Bf8 12. a3 h6 13. Bc2 Nb8 14. b4 Nbd7 15. Bb2 c6 16. Rc1 Qc7 17. c4 exd4 18. Nxd4 Ne5 19. cxb5 axb5 20. Bb1 Qd7 21. f4 Ng6 22. Nf5 Qd8 23. Qc2 c5 24. bxc5 dxc5 25. e5 Nd5 26. e6 Ndxf4 27. e7 Rxe7 28. Nxe7+ Bxe7 29. Ne4 c4 30. Qc3 Qb6+ 31. Kh2 Bf8 32. Rcd1 Rd8 33. Rxd8 Qxd8 34. g3 Nd3 35. Bxd3 cxd3 36. Nd2 Qd5 37. Rg1 Qf5 38. Rf1 Qd5 39. Rg1 Qf5 1/2-1/2